000 00613nam a2200193Ia 4500
008 130821s1979 sp gr spa
040 _aCo-BoUCM
_bspa
041 _aspa
100 1 _aPaz, Octavio
_d1914-1998
_992357
245 1 0 _aInmediaciones
_cOctavio Paz
260 _aBarcelona (España)
_bSeix-Barral
_c1979
300 _a265 páginas
490 _aBiblioteca Breve. Ensayos; 450
586 _aPremio Nobel de Literatura, 1990
650 0 4 _aEnsayos mexicanos
_914575
650 0 4 _aLiteratura mexicana
_918708
942 _cLIBRO
_a18
_e1
_kM
_mP19
_2DEWEY
_h864.6
999 _c12309
_d12309